Films par images partielles d'affiches #2 - Statistiques

Statistiques générales
  • Ce quiz a été pris 30 fois
  • Le résultat moyen est 7 sur 12
Statistiques - réponses
Par images Réponse % Correct
Fight Club
89%
Le Silence des agneaux
89%
Pulp Fiction
89%
American Beauty
68%
Apocalypse Now
64%
Inception
61%
Lawrence d'Arabie
50%
Il était une fois en Amérique
46%
Le Tombeau des lucioles
46%
Barry Lyndon
32%
Le Bon, la Brute et le Truand
29%
Ran
14%
Aucun quiz correspondant
Distribution des résultats
% des personnes avec chaque résultat
Percentile par nombre de réponses
Votre historique - résultats
Vous n’avez pas pris ce quiz